<?xml version="1.0" encoding="UTF-8"?>
<record
    xmlns:xsi="http://www.w3.org/2001/XMLSchema-instance"
    xsi:schemaLocation="http://www.loc.gov/MARC21/slim http://www.loc.gov/standards/marcxml/schema/MARC21slim.xsd"
    xmlns="http://www.loc.gov/MARC21/slim">

  <leader>01419cam a22001934a 4500</leader>
  <datafield tag="020" ind1=" " ind2=" ">
    <subfield code="a">0471720917</subfield>
  </datafield>
  <datafield tag="020" ind1=" " ind2=" ">
    <subfield code="a">9780471720911 (cloth)</subfield>
  </datafield>
  <datafield tag="082" ind1="0" ind2="0">
    <subfield code="a">547 SMI</subfield>
  </datafield>
  <datafield tag="100" ind1="1" ind2=" ">
    <subfield code="a">Smith, Michael,</subfield>
  </datafield>
  <datafield tag="245" ind1="1" ind2="0">
    <subfield code="a">March's advanced organic chemistry :</subfield>
  </datafield>
  <datafield tag="250" ind1=" " ind2=" ">
    <subfield code="a">6th ed. /</subfield>
  </datafield>
  <datafield tag="260" ind1=" " ind2=" ">
    <subfield code="a">Hoboken, N.J. :</subfield>
    <subfield code="b">Wiley-Interscience,</subfield>
    <subfield code="c">c2007.</subfield>
  </datafield>
  <datafield tag="300" ind1=" " ind2=" ">
    <subfield code="a">xx, 2357 p. :</subfield>
    <subfield code="b">ill. ;</subfield>
  </datafield>
  <datafield tag="505" ind1="0" ind2=" ">
    <subfield code="a">Localized chemical bonding -- Delocalized chemical bonding -- Bonding weaker than covalent -- Stereochemistry -- Carbocations, carbanions, free radicals, carbenes, and nitrenes -- Mechanisms and methods of determining them -- Irradiation processes in organic chemistry -- Acids and bases -- Effects of structure and medium on reactivity -- Aliphatic substitution: nucleophilic and organometallic -- Aromatic substitution: electrophilic -- Aliphatic, alkenyl, and alkenyl substitution, electrophilic and organometallic -- Aromatic substitution, nucleophilic and organometallic -- Substitution reactions: free radicals -- Addition to carbon-carbon multiple bonds -- Addition to carbon-hetero multiple bonds -- Eliminations -- Rearrangements -- Oxidations and reductions -- Appendix A. The literature of organic chemistry -- Appendix B. Classification of reactions by type of compounds synthesized.</subfield>
  </datafield>
  <datafield tag="650" ind1=" " ind2="0">
    <subfield code="a">Chemistry, Organic.</subfield>
  </datafield>
  <datafield tag="700" ind1="1" ind2=" ">
    <subfield code="a">March, Jerry,</subfield>
  </datafield>
  <datafield tag="856" ind1="4" ind2="1">
    <subfield code="u">http://www.loc.gov/catdir/toc/ecip0613/2006016015.html</subfield>
  </datafield>
  <datafield tag="942" ind1=" " ind2=" ">
    <subfield code="c">REF</subfield>
  </datafield>
  <datafield tag="999" ind1=" " ind2=" ">
    <subfield code="c">178</subfield>
    <subfield code="d">178</subfield>
  </datafield>
  <datafield tag="952" ind1=" " ind2=" ">
    <subfield code="0">0</subfield>
    <subfield code="1">0</subfield>
    <subfield code="7">0</subfield>
    <subfield code="8">NFIC</subfield>
    <subfield code="a">IC</subfield>
    <subfield code="b">IC</subfield>
    <subfield code="c">GEN</subfield>
    <subfield code="d">2015-02-22</subfield>
    <subfield code="l">0</subfield>
    <subfield code="o">547 SMI</subfield>
    <subfield code="p">005317</subfield>
    <subfield code="r">2015-02-22 00:00:00</subfield>
    <subfield code="w">2015-02-22</subfield>
    <subfield code="y">REF</subfield>
  </datafield>
</record>
